| 000 | 01034nam a2200301 i 4500 | ||
|---|---|---|---|
| 001 | bg | ||
| 001 | b18583301 | ||
| 245 | 0 | 0 |
_aKierunki i metody zarządzania organizacjami w zintegrowanej Europie : _bmonografia / _cred. nauk. Lidia Sobolak. |
| 260 |
_aCzęstochowa : _bSekcja Wydawnictw Wydziału Zarządzania Politechniki Częstochowskiej, _c2005. |
||
| 300 |
_a347 s. : _bil. ; _c24 cm. |
||
| 504 | _aBibliogr. przy pracach. | ||
| 650 | 9 |
_aPrzedsiębiorstwo _xorganizacja _zkraje Unii Europejskiej |
|
| 650 | 9 |
_aPrzedsiębiorstwo _xorganizacja _zPolska _yod 1989 r. |
|
| 650 | 9 |
_aZarządzanie _zkraje Unii Europejskiej |
|
| 650 | 9 |
_aZarządzanie _zPolska _yod 1989 r. |
|
| 655 | _aMateriały konferencyjne | ||
| 700 | 1 |
_aSobolak, Lidia. _eRed. |
|
| 015 | _aPB 3984/2007 | ||
| 020 | _a8388469789 | ||
| 040 | _cBPK | ||
| 041 | 0 | _apol | |
| 044 | _aPOL | ||
| 080 | _a658.1/.5:005](438:4-67)"1989/..."(06) | ||
| 920 | _a83-88469-78-9 | ||
| 920 | _a83-88469-78-9 | ||
| 942 | _cKS | ||
| 008 | 061023s2005 pl a |000 0 pol | ||
| 999 |
_c54133 _d54133 |
||
| 856 |
_uhttp://koha.tu.koszalin.pl/cgi-bin/koha/opac-detail.pl?biblionumber=54133 _yKatalog online BPK |
||